[Event "45th FIDE Chess Olympiad Open"]
[Site "Budapest, Hungary"]
[Date "2024.09.20"]
[Round "9"]
[White "Al Qassabi, Mohammed"]
[Black "Monnaatsheko, Keletshabile"]
[Result "0-1"]
[Board "247"]
[WhiteFideId "12102024"]
[BlackFideId "11302941"]
[WhiteElo "1521"]
[BlackElo "2064"]
[WhiteTeam "Qatar"]
[BlackTeam "Botswana"]
[WhiteClock "0:06:24"]
[BlackClock "0:35:36"]
[Variant "Standard"]

1. e4 {[%clk 1:30:55]}  e6 {[%clk 1:30:48]} 2. d4 {[%clk 1:31:21]}  d5 {[%clk 1:31:10]} 3. exd5 {[%clk 1:31:43]}  exd5 {[%clk 1:31:32]} 4. Bd3 {[%clk 1:32:09]}  Nc6 {[%clk 1:31:43]} 5. c3 {[%clk 1:32:26]}  Bd6 {[%clk 1:31:57]} 6. h3 {[%clk 1:31:39]}  Nge7 {[%clk 1:32:00]} 7. Nf3 {[%clk 1:29:48]}  Bf5 {[%clk 1:24:58]} 8. O-O {[%clk 1:28:12]}  Qd7 {[%clk 1:23:44]} 9. Re1 {[%clk 1:26:40]}  f6 {[%clk 1:22:22]} 10. Qc2 {[%clk 1:25:38]}  O-O-O {[%clk 1:21:37]} 11. Bxf5 {[%clk 1:20:42]}  Nxf5 {[%clk 1:21:33]} 12. Be3 {[%clk 1:16:07]}  g5 {[%clk 1:17:00]} 13. b4 {[%clk 1:12:19]}  h5 {[%clk 1:16:55]} 14. Nh2 {[%clk 1:06:02]}  g4 {[%clk 1:16:12]} 15. Qd2 {[%clk 0:48:23]}  gxh3 {[%clk 1:07:48]} 16. g3 {[%clk 0:44:14]}  Rde8 {[%clk 1:06:33]} 17. Na3 {[%clk 0:43:19]}  h4 {[%clk 1:05:07]} 18. g4 {[%clk 0:41:24]}  Nxe3 {[%clk 1:04:51]} 19. Rxe3 {[%clk 0:40:56]}  Ne7 {[%clk 0:57:05]} 20. Rxh3 {[%clk 0:36:45]}  Ng6 {[%clk 0:56:23]} 21. Re3 {[%clk 0:31:54]}  Reg8 {[%clk 0:49:13]} 22. Qe2 {[%clk 0:25:42]}  Nf4 {[%clk 0:46:33]} 23. Qf3 {[%clk 0:18:24]}  f5 {[%clk 0:46:19]} 24. g5 {[%clk 0:16:18]}  Rxg5+ {[%clk 0:46:06]} 25. Kh1 {[%clk 0:16:28]}  Rhg8 {[%clk 0:44:25]} 26. Rd1 {[%clk 0:08:48]}  Qa4 {[%clk 0:36:15]} 27. c4 {[%clk 0:08:57]}  Nh3 {[%clk 0:36:15]} 28. Ree1 {[%clk 0:06:25]}  Qxd1 {[%clk 0:35:20]} 29. Qxd1 {[%clk 0:06:24]}  Nxf2# {[%clk 0:35:36]} 0-1

[Event "45th FIDE Chess Olympiad Open"]
[Site "Budapest, Hungary"]
[Date "2024.09.20"]
[Round "9"]
[White "Bayani, Kuda"]
[Black "Al-Kuwari, Hamad"]
[Result "1/2-1/2"]
[Board "248"]
[WhiteFideId "11305924"]
[BlackFideId "12102679"]
[WhiteElo "1931"]
[BlackElo "1574"]
[WhiteTeam "Botswana"]
[BlackTeam "Qatar"]
[WhiteClock "0:06:06"]
[BlackClock "0:02:06"]
[Variant "Standard"]

1. d4 {[%clk 1:30:14]}  d5 {[%clk 1:30:56]} 2. Bf4 {[%clk 1:30:11]}  Nf6 {[%clk 1:31:08]} 3. e3 {[%clk 1:29:50]}  c5 {[%clk 1:31:29]} 4. c3 {[%clk 1:30:15]}  Nc6 {[%clk 1:31:42]} 5. Nd2 {[%clk 1:30:22]}  e6 {[%clk 1:30:46]} 6. Ngf3 {[%clk 1:30:35]}  h6 {[%clk 1:26:13]} 7. Ne5 {[%clk 1:27:22]}  Bd6 {[%clk 1:23:58]} 8. Bg3 {[%clk 1:20:53]}  Qc7 {[%clk 1:21:09]} 9. f4 {[%clk 1:20:20]}  O-O {[%clk 1:11:15]} 10. Bd3 {[%clk 1:20:40]}  Nd7 {[%clk 1:07:46]} 11. O-O {[%clk 1:19:30]}  f5 {[%clk 1:02:02]} 12. Bh4 {[%clk 1:14:18]}  Ndxe5 {[%clk 0:47:07]} 13. fxe5 {[%clk 1:12:22]}  Be7 {[%clk 0:47:32]} 14. Bg3 {[%clk 1:11:33]}  Bd7 {[%clk 0:47:10]} 15. Qe2 {[%clk 1:07:17]}  Qb6 {[%clk 0:43:50]} 16. Rab1 {[%clk 1:05:12]}  Qd8 {[%clk 0:33:46]} 17. Nf3 {[%clk 1:00:25]}  Be8 {[%clk 0:31:56]} 18. dxc5 {[%clk 0:54:56]}  Bxc5 {[%clk 0:28:18]} 19. Nd4 {[%clk 0:55:12]}  Nxd4 {[%clk 0:23:50]} 20. cxd4 {[%clk 0:53:36]}  Be7 {[%clk 0:23:14]} 21. Rbc1 {[%clk 0:46:47]}  Bc6 {[%clk 0:20:44]} 22. Bf2 {[%clk 0:46:01]}  Bg5 {[%clk 0:18:05]} 23. g3 {[%clk 0:41:40]}  Rc8 {[%clk 0:17:09]} 24. Rc3 {[%clk 0:41:42]}  Qb6 {[%clk 0:12:58]} 25. Rb3 {[%clk 0:39:33]}  Qd8 {[%clk 0:12:24]} 26. Rc1 {[%clk 0:39:39]}  Qd7 {[%clk 0:12:26]} 27. Rbc3 {[%clk 0:39:29]}  b6 {[%clk 0:12:05]} 28. h4 {[%clk 0:37:06]}  Be7 {[%clk 0:12:18]} 29. Ba6 {[%clk 0:36:58]}  Bb7 {[%clk 0:07:48]} 30. Bb5 {[%clk 0:30:25]}  Qd8 {[%clk 0:05:32]} 31. Bc6 {[%clk 0:28:05]}  Bxc6 {[%clk 0:05:04]} 32. Rxc6 {[%clk 0:28:16]}  Qd7 {[%clk 0:05:26]} 33. Qc2 {[%clk 0:26:59]}  Rxc6 {[%clk 0:05:28]} 34. Qxc6 {[%clk 0:27:07]}  Rd8 {[%clk 0:05:44]} 35. Be1 {[%clk 0:23:56]}  Kf7 {[%clk 0:05:38]} 36. Qxd7 {[%clk 0:18:53]}  Rxd7 {[%clk 0:05:58]} 37. Rc8 {[%clk 0:19:20]}  Bd8 {[%clk 0:01:19]} 38. Bb4 {[%clk 0:17:51]}  Be7 {[%clk 0:01:28]} 39. Bxe7 {[%clk 0:15:55]}  Kxe7 {[%clk 0:01:34]} 40. Rg8 {[%clk 0:09:00]}  Kf7 {[%clk 0:01:45]} 41. Rc8 {[%clk 0:09:12]}  Ke7 {[%clk 0:02:06]} 42. Rg8 {[%clk 0:06:06]} 1/2-1/2

[Event "45th FIDE Chess Olympiad Open"]
[Site "Budapest, Hungary"]
[Date "2024.09.20"]
[Round "9"]
[White "Tchouka, Yakini"]
[Black "Mafaaz Khalid"]
[Result "0-1"]
[Board "249"]
[WhiteFideId "21201382"]
[BlackFideId "7818424"]
[WhiteElo "1932"]
[BlackElo "2069"]
[WhiteTeam "Togo"]
[BlackTeam "Pakistan"]
[WhiteClock "0:03:06"]
[BlackClock "0:29:19"]
[Variant "Standard"]

1. e4 {[%clk 1:30:53]}  e5 {[%clk 1:30:52]} 2. Nf3 {[%clk 1:31:17]}  Nc6 {[%clk 1:31:16]} 3. Bb5 {[%clk 1:31:40]}  Nf6 {[%clk 1:31:31]} 4. O-O {[%clk 1:31:07]}  Nxe4 {[%clk 1:31:55]} 5. Re1 {[%clk 1:30:12]}  Nd6 {[%clk 1:32:17]} 6. Nxe5 {[%clk 1:30:26]}  Be7 {[%clk 1:32:33]} 7. Bd3 {[%clk 1:27:54]}  Nxe5 {[%clk 1:31:54]} 8. Rxe5 {[%clk 1:28:14]}  O-O {[%clk 1:32:09]} 9. Nc3 {[%clk 1:28:36]}  c6 {[%clk 1:28:51]} 10. b3 {[%clk 1:17:45]}  Ne8 {[%clk 1:27:42]} 11. Qf3 {[%clk 1:09:42]}  d5 {[%clk 1:21:19]} 12. Bb2 {[%clk 1:08:31]}  Nf6 {[%clk 1:15:12]} 13. h3 {[%clk 1:06:49]}  Bd6 {[%clk 1:09:32]} 14. Ree1 {[%clk 1:05:01]}  Bc7 {[%clk 1:04:11]} 15. Ne2 {[%clk 0:58:49]}  Ne4 {[%clk 1:00:54]} 16. Bxe4 {[%clk 0:48:04]}  dxe4 {[%clk 0:57:30]} 17. Qc3 {[%clk 0:48:15]}  Qg5 {[%clk 0:56:10]} 18. Ng3 {[%clk 0:46:46]}  f5 {[%clk 0:51:25]} 19. Qc4+ {[%clk 0:36:28]}  Rf7 {[%clk 0:47:24]} 20. d3 {[%clk 0:35:30]}  Bxg3 {[%clk 0:40:17]} 21. fxg3 {[%clk 0:35:51]}  Qxg3 {[%clk 0:40:03]} 22. dxe4 {[%clk 0:35:05]}  f4 {[%clk 0:39:45]} 23. Rf1 {[%clk 0:30:20]}  Bxh3 {[%clk 0:39:46]} 24. Qe2 {[%clk 0:20:33]}  Qg6 {[%clk 0:38:50]} 25. Kh1 {[%clk 0:17:57]}  f3 {[%clk 0:38:12]} 26. gxf3 {[%clk 0:12:23]}  Bxf1 {[%clk 0:38:22]} 27. Rxf1 {[%clk 0:12:49]}  Raf8 {[%clk 0:33:15]} 28. Qg2 {[%clk 0:11:04]}  Qh5+ {[%clk 0:32:40]} 29. Kg1 {[%clk 0:11:16]}  g6 {[%clk 0:32:49]} 30. Qe2 {[%clk 0:07:14]}  b5 {[%clk 0:28:37]} 31. Kg2 {[%clk 0:06:11]}  Qg5+ {[%clk 0:28:58]} 32. Kh2 {[%clk 0:05:50]}  Rf4 {[%clk 0:29:11]} 33. Qg2 {[%clk 0:05:33]}  Qh5+ {[%clk 0:28:59]} 34. Kg1 {[%clk 0:03:06]}  Rxf3 {[%clk 0:29:19]} 0-1

[Event "45th FIDE Chess Olympiad Open"]
[Site "Budapest, Hungary"]
[Date "2024.09.20"]
[Round "9"]
[White "Amer Karim"]
[Black "Egbe, Kossi Thierry"]
[Result "1-0"]
[Board "250"]
[WhiteFideId "7800053"]
[BlackFideId "21201510"]
[WhiteTitle "FM"]
[WhiteElo "2081"]
[BlackElo "1847"]
[WhiteTeam "Pakistan"]
[BlackTeam "Togo"]
[WhiteClock "1:07:46"]
[BlackClock "0:25:32"]
[Variant "Standard"]

1. d4 {[%clk 1:30:57]}  Nf6 {[%clk 1:30:53]} 2. c4 {[%clk 1:31:19]}  e6 {[%clk 1:30:01]} 3. Nf3 {[%clk 1:31:42]}  d5 {[%clk 1:29:43]} 4. Nc3 {[%clk 1:31:48]}  b6 {[%clk 1:29:20]} 5. cxd5 {[%clk 1:31:19]}  Nxd5 {[%clk 1:28:18]} 6. e4 {[%clk 1:30:54]}  Nxc3 {[%clk 1:27:50]} 7. bxc3 {[%clk 1:31:19]}  Bb7 {[%clk 1:27:49]} 8. Bd3 {[%clk 1:31:37]}  Bd6 {[%clk 1:24:43]} 9. O-O {[%clk 1:30:46]}  O-O {[%clk 1:24:44]} 10. Re1 {[%clk 1:30:53]}  Nd7 {[%clk 1:19:47]} 11. e5 {[%clk 1:31:07]}  Be7 {[%clk 1:16:23]} 12. Bc2 {[%clk 1:27:49]}  Re8 {[%clk 1:15:48]} 13. Qd3 {[%clk 1:26:10]}  Nf8 {[%clk 1:11:11]} 14. h4 {[%clk 1:24:27]}  Bxh4 {[%clk 1:06:04]} 15. Nxh4 {[%clk 1:24:28]}  Qxh4 {[%clk 1:06:13]} 16. Re3 {[%clk 1:24:44]}  Qe7 {[%clk 1:01:19]} 17. Rh3 {[%clk 1:24:21]}  g6 {[%clk 0:57:44]} 18. Qg3 {[%clk 1:23:47]}  Nd7 {[%clk 0:48:48]} 19. Bg5 {[%clk 1:12:32]}  f6 {[%clk 0:42:46]} 20. exf6 {[%clk 1:11:18]}  Nxf6 {[%clk 0:42:55]} 21. Qh4 {[%clk 1:11:23]}  Rf8 {[%clk 0:39:45]} 22. Bxg6 {[%clk 1:07:34]}  hxg6 {[%clk 0:25:09]} 23. Qh8+ {[%clk 1:06:08]}  Kf7 {[%clk 0:25:25]} 24. Rh7+ {[%clk 1:06:32]}  Ke8 {[%clk 0:25:42]} 25. Rxe7+ {[%clk 1:06:56]}  Kxe7 {[%clk 0:25:50]} 26. Qg7+ {[%clk 1:07:21]}  Rf7 {[%clk 0:25:32]} 27. Bxf6+ {[%clk 1:07:46]} 1-0

[Event "45th FIDE Chess Olympiad Open"]
[Site "Budapest, Hungary"]
[Date "2024.09.20"]
[Round "9"]
[White "Amewounou, Komlan Kouessan"]
[Black "Momin Fayzan"]
[Result "0-1"]
[Board "251"]
[WhiteFideId "21200017"]
[BlackFideId "7805225"]
[WhiteElo "1825"]
[BlackElo "2064"]
[WhiteTeam "Togo"]
[BlackTeam "Pakistan"]
[WhiteClock "0:19:20"]
[BlackClock "1:12:46"]
[Variant "Standard"]

1. e4 {[%clk 1:30:19]}  e5 {[%clk 1:30:30]} 2. Bc4 {[%clk 1:30:18]}  Nc6 {[%clk 1:30:43]} 3. d4 {[%clk 1:30:27]}  exd4 {[%clk 1:30:56]} 4. Nf3 {[%clk 1:30:47]}  Nf6 {[%clk 1:31:04]} 5. O-O {[%clk 1:30:42]}  Nxe4 {[%clk 1:30:37]} 6. Re1 {[%clk 1:31:02]}  d5 {[%clk 1:31:04]} 7. Bxd5 {[%clk 1:31:20]}  Qxd5 {[%clk 1:31:28]} 8. Nc3 {[%clk 1:31:44]}  Qd8 {[%clk 1:30:52]} 9. Rxe4+ {[%clk 1:30:44]}  Be6 {[%clk 1:30:39]} 10. Nxd4 {[%clk 1:30:24]}  Nxd4 {[%clk 1:30:50]} 11. Rxd4 {[%clk 1:30:35]}  Qc8 {[%clk 1:31:04]} 12. Bg5 {[%clk 1:22:50]}  f6 {[%clk 1:31:17]} 13. Bh4 {[%clk 1:16:38]}  Be7 {[%clk 1:31:34]} 14. Qh5+ {[%clk 1:16:01]}  g6 {[%clk 1:31:09]} 15. Qe2 {[%clk 1:00:42]}  Kf7 {[%clk 1:30:26]} 16. Re1 {[%clk 0:53:24]}  Re8 {[%clk 1:25:48]} 17. Re4 {[%clk 0:40:23]}  Bd6 {[%clk 1:25:19]} 18. Nb5 {[%clk 0:39:51]}  Qd7 {[%clk 1:15:12]} 19. Nd4 {[%clk 0:38:53]}  Bd5 {[%clk 1:12:15]} 20. Rxe8 {[%clk 0:39:09]}  Rxe8 {[%clk 1:12:15]} 21. Qxe8+ {[%clk 0:39:09]}  Qxe8 {[%clk 1:12:23]} 22. Rxe8 {[%clk 0:39:30]}  Kxe8 {[%clk 1:12:46]} 23. Bxf6 {[%clk 0:39:54]}  Kf7 {[%clk 1:12:21]} 24. Bd8 {[%clk 0:38:58]}  Ke8 {[%clk 1:10:20]} 25. Bf6 {[%clk 0:38:37]}  Kf7 {[%clk 1:04:26]} 26. Bd8 {[%clk 0:30:30]}  Be5 {[%clk 0:58:03]} 27. c3 {[%clk 0:28:14]}  Ke8 {[%clk 0:58:03]} 28. Bg5 {[%clk 0:27:54]}  Bxa2 {[%clk 0:57:25]} 29. Be3 {[%clk 0:25:52]}  a6 {[%clk 0:57:02]} 30. f4 {[%clk 0:26:00]}  Bf6 {[%clk 0:56:42]} 31. g4 {[%clk 0:25:48]}  Kd7 {[%clk 0:57:04]} 32. Kf2 {[%clk 0:17:21]}  c5 {[%clk 0:57:27]} 33. Nf3 {[%clk 0:16:02]}  Kd6 {[%clk 0:57:32]} 34. Nd2 {[%clk 0:15:28]}  Bd5 {[%clk 0:57:50]} 35. c4 {[%clk 0:10:55]}  Bc6 {[%clk 0:57:45]} 36. Nb3 {[%clk 0:10:42]}  b6 {[%clk 0:58:08]} 37. Bc1 {[%clk 0:10:54]}  b5 {[%clk 0:51:53]} 38. Be3 {[%clk 0:10:07]}  bxc4 {[%clk 0:51:59]} 39. Nxc5 {[%clk 0:08:59]}  Bxb2 {[%clk 0:52:07]} 40. Nxa6 {[%clk 0:08:45]}  Ba3 {[%clk 0:52:03]} 41. Bd4 {[%clk 0:03:02]}  Kd5 {[%clk 0:47:19]} 42. Be5 {[%clk 0:02:27]}  Ke4 {[%clk 0:46:04]} 43. Kg3 {[%clk 0:00:51]}  Kd3 {[%clk 0:42:18]} 44. Nc7 {[%clk 0:29:10]}  c3 {[%clk 1:11:21]} 45. Bxc3 {[%clk 0:29:37]}  Kxc3 {[%clk 1:11:43]} 46. Ne6 {[%clk 0:29:53]}  Be7 {[%clk 1:11:39]} 47. h4 {[%clk 0:29:20]}  Bd7 {[%clk 1:11:18]} 48. Ng5 {[%clk 0:29:24]}  Bxg5 {[%clk 1:10:35]} 49. fxg5 {[%clk 0:29:42]}  Kd4 {[%clk 1:10:53]} 50. Kf4 {[%clk 0:29:42]}  Bc8 {[%clk 1:11:14]} 51. Kf3 {[%clk 0:23:07]}  Ke5 {[%clk 1:10:53]} 52. h5 {[%clk 0:22:57]}  Bd7 {[%clk 1:11:16]} 53. Kg3 {[%clk 0:23:15]}  Ke4 {[%clk 1:11:35]} 54. hxg6 {[%clk 0:18:52]}  hxg6 {[%clk 1:12:00]} 55. Kh3 {[%clk 0:18:59]}  Kf4 {[%clk 1:12:24]} 56. Kh4 {[%clk 0:19:20]}  Bc8 {[%clk 1:12:46]} 0-1

[Event "45th FIDE Chess Olympiad Open"]
[Site "Budapest, Hungary"]
[Date "2024.09.20"]
[Round "9"]
[White "Mudasir, Iqbal"]
[Black "Fumey, Enyonam Sewa"]
[Result "0-1"]
[Board "252"]
[WhiteFideId "7801114"]
[BlackFideId "21200033"]
[BlackTitle "CM"]
[WhiteElo "2055"]
[BlackElo "1845"]
[WhiteTeam "Pakistan"]
[BlackTeam "Togo"]
[WhiteClock "0:05:28"]
[BlackClock "0:02:27"]
[Variant "Standard"]

1. e4 {[%clk 1:30:53]}  c6 {[%clk 1:30:58]} 2. d4 {[%clk 1:31:04]}  d5 {[%clk 1:31:26]} 3. f3 {[%clk 1:30:58]}  Qb6 {[%clk 1:31:49]} 4. c4 {[%clk 1:18:12]}  e6 {[%clk 1:14:33]} 5. Nc3 {[%clk 1:09:59]}  Nf6 {[%clk 1:13:55]} 6. c5 {[%clk 1:05:59]}  Qd8 {[%clk 1:14:10]} 7. Bg5 {[%clk 1:03:10]}  Be7 {[%clk 1:14:26]} 8. e5 {[%clk 1:00:01]}  Nh5 {[%clk 1:13:11]} 9. Be3 {[%clk 0:58:38]}  Bg5 {[%clk 1:02:19]} 10. Bf2 {[%clk 0:58:48]}  Nf4 {[%clk 1:01:08]} 11. h4 {[%clk 0:56:24]}  Be7 {[%clk 0:52:52]} 12. h5 {[%clk 0:53:05]}  g6 {[%clk 0:52:44]} 13. hxg6 {[%clk 0:49:10]}  Nxg6 {[%clk 0:49:56]} 14. g3 {[%clk 0:46:44]}  b6 {[%clk 0:42:28]} 15. b4 {[%clk 0:46:08]}  a5 {[%clk 0:41:56]} 16. a3 {[%clk 0:44:20]}  Ba6 {[%clk 0:35:34]} 17. Bxa6 {[%clk 0:41:10]}  Rxa6 {[%clk 0:29:41]} 18. f4 {[%clk 0:39:30]}  b5 {[%clk 0:26:56]} 19. Kf1 {[%clk 0:36:34]}  Nd7 {[%clk 0:27:03]} 20. Kg2 {[%clk 0:36:04]}  Ndf8 {[%clk 0:24:16]} 21. Nge2 {[%clk 0:34:25]}  f5 {[%clk 0:12:02]} 22. Qd3 {[%clk 0:27:31]}  Qa8 {[%clk 0:10:38]} 23. Rab1 {[%clk 0:27:12]}  axb4 {[%clk 0:10:38]} 24. axb4 {[%clk 0:27:27]}  Ra3 {[%clk 0:07:04]} 25. Qf3 {[%clk 0:26:00]}  h5 {[%clk 0:07:18]} 26. Rxh5 {[%clk 0:25:05]}  Rg8 {[%clk 0:07:23]} 27. Kh2 {[%clk 0:22:51]}  Kd7 {[%clk 0:06:57]} 28. g4 {[%clk 0:21:12]}  fxg4 {[%clk 0:03:38]} 29. Qxg4 {[%clk 0:21:21]}  Qe8 {[%clk 0:02:58]} 30. f5 {[%clk 0:20:33]}  Nxe5 {[%clk 0:02:54]} 31. fxe6+ {[%clk 0:20:33]}  Nxe6 {[%clk 0:01:43]} 32. Qh3 {[%clk 0:16:14]}  Ng4+ {[%clk 0:01:18]} 33. Kg2 {[%clk 0:11:17]}  Rxc3 {[%clk 0:01:24]} 34. Nxc3 {[%clk 0:10:23]}  Nf4+ {[%clk 0:01:30]} 35. Kf1 {[%clk 0:10:12]}  Nxh3 {[%clk 0:01:41]} 36. Rxh3 {[%clk 0:10:11]}  Nxf2 {[%clk 0:01:33]} 37. Kxf2 {[%clk 0:10:06]}  Rf8+ {[%clk 0:01:52]} 38. Kg2 {[%clk 0:08:11]}  Qg6+ {[%clk 0:02:18]} 39. Kh1 {[%clk 0:07:57]}  Qg4 {[%clk 0:02:14]} 40. Rh7 {[%clk 0:05:48]}  Qf3+ {[%clk 0:02:07]} 41. Kh2 {[%clk 0:06:07]}  Qxc3 {[%clk 0:02:27]} 42. Rg1 {[%clk 0:05:28]}  Qc2+ {[%clk 0:02:27]} 0-1

[Event "45th FIDE Chess Olympiad Open"]
[Site "Budapest, Hungary"]
[Date "2024.09.20"]
[Round "9"]
[White "Hamperl, Fred"]
[Black "Eltigani, Omar"]
[Result "0-1"]
[Board "253"]
[WhiteFideId "10700110"]
[BlackFideId "738794"]
[WhiteTitle "FM"]
[BlackTitle "IM"]
[WhiteElo "1977"]
[BlackElo "2241"]
[WhiteTeam "Guernsey"]
[BlackTeam "Sudan"]
[WhiteClock "0:12:05"]
[BlackClock "0:12:32"]
[Variant "Standard"]

1. e4 {[%clk 1:30:55]}  c5 {[%clk 1:30:50]} 2. Nf3 {[%clk 1:31:20]}  e6 {[%clk 1:31:06]} 3. b3 {[%clk 1:31:43]}  b6 {[%clk 1:31:16]} 4. Bb2 {[%clk 1:31:12]}  Bb7 {[%clk 1:31:31]} 5. Nc3 {[%clk 1:30:50]}  Nc6 {[%clk 1:31:30]} 6. g3 {[%clk 1:30:02]}  Nf6 {[%clk 1:24:34]} 7. Bg2 {[%clk 1:16:11]}  d5 {[%clk 1:19:00]} 8. exd5 {[%clk 1:10:03]}  exd5 {[%clk 1:18:39]} 9. d4 {[%clk 1:08:13]}  Ba6 {[%clk 1:12:34]} 10. Ne5 {[%clk 1:05:45]}  Nxd4 {[%clk 1:09:46]} 11. Nxd5 {[%clk 1:02:40]}  Nxd5 {[%clk 1:09:49]} 12. c4 {[%clk 0:57:15]}  Qc7 {[%clk 0:27:09]} 13. Bxd4 {[%clk 0:52:51]}  cxd4 {[%clk 0:26:13]} 14. Qxd4 {[%clk 0:53:10]}  O-O-O {[%clk 0:17:22]} 15. O-O-O {[%clk 0:24:41]}  Bc5 {[%clk 0:15:11]} 16. Qg4+ {[%clk 0:23:20]}  Kb8 {[%clk 0:13:22]} 17. Rhe1 {[%clk 0:17:41]}  f6 {[%clk 0:12:01]} 18. Nc6+ {[%clk 0:13:24]}  Qxc6 {[%clk 0:12:23]} 19. Bxd5 {[%clk 0:13:47]}  Qc7 {[%clk 0:12:22]} 20. Re6 {[%clk 0:12:05]}  Bc8 {[%clk 0:12:32]} 0-1

[Event "45th FIDE Chess Olympiad Open"]
[Site "Budapest, Hungary"]
[Date "2024.09.20"]
[Round "9"]
[White "Ahmed Hassan"]
[Black "Rowe, Peter"]
[Result "1-0"]
[Board "254"]
[WhiteFideId "12200590"]
[BlackFideId "10700099"]
[WhiteTitle "FM"]
[BlackTitle "CM"]
[WhiteElo "2234"]
[BlackElo "1973"]
[WhiteTeam "Sudan"]
[BlackTeam "Guernsey"]
[WhiteClock "0:07:38"]
[BlackClock "0:05:51"]
[Variant "Standard"]

1. Nf3 {[%clk 1:30:53]}  d5 {[%clk 1:30:29]} 2. c4 {[%clk 1:31:15]}  c6 {[%clk 1:30:27]} 3. g3 {[%clk 1:31:38]}  Nf6 {[%clk 1:30:29]} 4. Bg2 {[%clk 1:32:04]}  Bf5 {[%clk 1:30:15]} 5. cxd5 {[%clk 1:32:22]}  cxd5 {[%clk 1:30:16]} 6. Qb3 {[%clk 1:32:46]}  Qc7 {[%clk 1:27:08]} 7. Nc3 {[%clk 1:32:47]}  e6 {[%clk 1:26:01]} 8. d3 {[%clk 1:31:24]}  a6 {[%clk 1:16:21]} 9. Bf4 {[%clk 1:29:56]}  Qc8 {[%clk 1:16:34]} 10. O-O {[%clk 1:02:12]}  Be7 {[%clk 1:15:46]} 11. Na4 {[%clk 0:54:51]}  Nfd7 {[%clk 1:14:55]} 12. Rac1 {[%clk 0:52:38]}  Nc6 {[%clk 1:13:52]} 13. Ne5 {[%clk 0:50:35]}  Bd8 {[%clk 1:05:11]} 14. Nxd7 {[%clk 0:48:26]}  Qxd7 {[%clk 1:05:04]} 15. Nc5 {[%clk 0:46:52]}  Nd4 {[%clk 1:00:14]} 16. Qd1 {[%clk 0:47:03]}  Qe7 {[%clk 1:00:01]} 17. Be5 {[%clk 0:37:10]}  Nc6 {[%clk 0:54:07]} 18. Bxg7 {[%clk 0:37:10]}  Rg8 {[%clk 0:53:59]} 19. Bh6 {[%clk 0:37:01]}  Bb6 {[%clk 0:53:59]} 20. b4 {[%clk 0:37:01]}  f6 {[%clk 0:37:21]} 21. e4 {[%clk 0:36:31]}  dxe4 {[%clk 0:36:43]} 22. dxe4 {[%clk 0:36:42]}  Bg4 {[%clk 0:35:16]} 23. Qa4 {[%clk 0:31:15]}  Kf7 {[%clk 0:35:14]} 24. Be3 {[%clk 0:28:57]}  Be2 {[%clk 0:32:17]} 25. Rfe1 {[%clk 0:28:47]}  Bb5 {[%clk 0:32:37]} 26. Qb3 {[%clk 0:29:01]}  Ne5 {[%clk 0:30:51]} 27. a4 {[%clk 0:26:55]}  Bc6 {[%clk 0:28:58]} 28. h3 {[%clk 0:20:58]}  h5 {[%clk 0:26:25]} 29. Bd4 {[%clk 0:19:24]}  Rad8 {[%clk 0:17:46]} 30. Red1 {[%clk 0:12:32]}  Bxc5 {[%clk 0:11:19]} 31. Bxc5 {[%clk 0:12:20]}  Rxd1+ {[%clk 0:11:06]} 32. Qxd1 {[%clk 0:12:29]}  Qe8 {[%clk 0:10:48]} 33. Qxh5+ {[%clk 0:12:33]}  Ng6 {[%clk 0:10:49]} 34. Be3 {[%clk 0:08:20]}  Ke7 {[%clk 0:07:54]} 35. b5 {[%clk 0:07:21]}  axb5 {[%clk 0:07:11]} 36. axb5 {[%clk 0:07:44]}  Bxb5 {[%clk 0:07:03]} 37. Qh7+ {[%clk 0:07:29]}  Kd6 {[%clk 0:05:51]} 38. Qc7# {[%clk 0:07:38]} 1-0

[Event "45th FIDE Chess Olympiad Open"]
[Site "Budapest, Hungary"]
[Date "2024.09.20"]
[Round "9"]
[White "Brookfield, Toby"]
[Black "Hamid Ibrahim"]
[Result "0-1"]
[Board "255"]
[WhiteFideId "10700234"]
[BlackFideId "12200948"]
[WhiteTitle "CM"]
[BlackTitle "FM"]
[WhiteElo "1872"]
[BlackElo "2090"]
[WhiteTeam "Guernsey"]
[BlackTeam "Sudan"]
[WhiteClock "0:01:47"]
[BlackClock "0:02:33"]
[Variant "Standard"]

1. e4 {[%clk 1:30:58]}  c6 {[%clk 1:30:07]} 2. Nf3 {[%clk 1:31:21]}  d5 {[%clk 1:30:31]} 3. exd5 {[%clk 1:31:44]}  cxd5 {[%clk 1:30:46]} 4. Ne5 {[%clk 1:32:04]}  Nc6 {[%clk 1:29:03]} 5. Bb5 {[%clk 1:32:27]}  Qc7 {[%clk 1:29:11]} 6. d4 {[%clk 1:32:10]}  Nf6 {[%clk 1:29:19]} 7. Bf4 {[%clk 1:23:00]}  Qb6 {[%clk 1:29:02]} 8. Nc3 {[%clk 1:18:33]}  Bf5 {[%clk 1:22:54]} 9. O-O {[%clk 1:08:03]}  Rc8 {[%clk 1:18:14]} 10. Re1 {[%clk 1:00:44]}  e6 {[%clk 1:17:22]} 11. g4 {[%clk 0:52:23]}  Bg6 {[%clk 1:08:56]} 12. h4 {[%clk 0:50:10]}  a6 {[%clk 0:21:27]} 13. Bxc6+ {[%clk 0:47:46]}  bxc6 {[%clk 0:19:52]} 14. h5 {[%clk 0:42:30]}  Be4 {[%clk 0:15:59]} 15. Rb1 {[%clk 0:32:46]}  h6 {[%clk 0:16:05]} 16. Nxe4 {[%clk 0:32:01]}  Nxe4 {[%clk 0:10:02]} 17. f3 {[%clk 0:29:29]}  Nf6 {[%clk 0:10:15]} 18. c3 {[%clk 0:28:37]}  Be7 {[%clk 0:09:11]} 19. Qd2 {[%clk 0:19:07]}  Qb7 {[%clk 0:08:51]} 20. b4 {[%clk 0:18:53]}  Nh7 {[%clk 0:09:16]} 21. Bxh6 {[%clk 0:13:47]}  gxh6 {[%clk 0:07:32]} 22. Nxf7 {[%clk 0:06:23]}  Bg5 {[%clk 0:04:19]} 23. Nd6+ {[%clk 0:05:33]}  Kd7 {[%clk 0:04:33]} 24. Qe2 {[%clk 0:05:26]}  Kxd6 {[%clk 0:04:29]} 25. Qxe6+ {[%clk 0:04:02]}  Kc7 {[%clk 0:04:54]} 26. Qe5+ {[%clk 0:03:32]}  Kb6 {[%clk 0:05:15]} 27. b5 {[%clk 0:01:19]}  axb5 {[%clk 0:05:17]} 28. Qd6 {[%clk 0:01:02]}  Qc7 {[%clk 0:05:06]} 29. Qc5+ {[%clk 0:00:47]}  Ka6 {[%clk 0:04:12]} 30. Qa3+ {[%clk 0:00:33]}  Kb7 {[%clk 0:04:37]} 31. Re2 {[%clk 0:00:34]}  Qg3+ {[%clk 0:04:58]} 32. Rg2 {[%clk 0:00:55]}  Be3+ {[%clk 0:05:06]} 33. Kh1 {[%clk 0:00:31]}  Qh3+ {[%clk 0:05:28]} 34. Rh2 {[%clk 0:00:57]}  Qxf3+ {[%clk 0:05:52]} 35. Rg2 {[%clk 0:01:22]}  Bf4 {[%clk 0:01:44]} 36. Qc5 {[%clk 0:01:26]}  Qh3+ {[%clk 0:02:02]} 37. Kg1 {[%clk 0:01:48]}  Be3+ {[%clk 0:02:23]} 38. Kf1 {[%clk 0:01:47]}  Qh1+ {[%clk 0:02:33]} 0-1